000 005000000a22001690004500
041 0 _aSPA
082 0 4 _aG 485 D2611n
100 1 _aDavis, Guillermo Hersey (1887-1958)
245 1 0 _aGramatica elemental del griego del Nuevo Testamento / Guillermo Hersey Davis
260 _aEl Paso, TX., USA : Casa Bautista de Publicaciones
300 _a240 Pag
001 10622
942 _cBK
999 _c40124
_d40124
336 _atexto
_btxt
_2rdacontent
337 _2rdamedia
_asin mediación
_bn
338 _2rdacarrier
_avolumen
_bnc